Growing up in the People's Republic (Record no. 87578)
[ view plain ]
| 000 -LEADER | |
|---|---|
| fixed length control field | 01615nam a2200421Ia 4500 |
| 082 04 - DEWEY DECIMAL CLASSIFICATION NUMBER | |
| Classification number | 951.05/6 |
| 100 1# - MAIN ENTRY--AUTHOR NAME | |
| Personal name | Ye, Weili. |
| 245 10 - TITLE STATEMENT | |
| Title | Growing up in the People's Republic |
| 250 ## - EDITION STATEMENT | |
| Edition statement | 1st ed. |
| 260 ## - PUBLICATION, DISTRIBUTION, ETC. (IMPRINT) | |
| Place of publication | New York : |
| Name of publisher | Palgrave Macmillan, |
| Year of publication | 2005. |
| 300 ## - PHYSICAL DESCRIPTION | |
| Number of Pages | xxiv, 177 p., [8] p. of plates : |
| Other physical details | ill. |
| 490 1# - SERIES STATEMENT | |
| Series statement | Palgrave studies in oral history |
| 700 1# - ADDED ENTRY--PERSONAL NAME | |
| Personal name | Ma, Xiaodong. |
| 856 40 - ELECTRONIC LOCATION AND ACCESS | |
| Uniform Resource Identifier | http://site.ebrary.com/lib/rucke/Doc?id=10135666 |
No items available.
